000 01418nam a2200205Ia 4500
001 b6056-42183
003 IT-MiCISF
008 161014s9999||||xx |||||||||||||| ||und||
040 _aIT-MiCISF
_cIT-MiCISF
041 _ait
100 _aAite Lucia
245 0 _aCulla di parole
_bCome accogliere gli inizi difficili della vita
250 _a1a ed.
260 _a Torino
_bBollati Boringhieri
_c2006
300 _app. 194
500 _a / nascita, malattia, servizi-sanitari, genitorialità, operatori-sanitari, esperienze, diagnosi-prenatale, comunicazione / Molte sono le problematiche psicologiche incontrate dai genitori quando, alla nascita o in epoca prenatale, viene diagnosticata al bambino che sta per venire alla luce un'anomalia congenita che richiede un intervento chirurgico alla nascita. Si manifesta allora la necessità di un approccio multidisciplinare che, accanto alle risorse della chirurgia e delle tecniche rianimatorie e diagnostiche, dia ampio spazio agli aspetti umani e relazionali del "prendersi cura", aiutando i neonati e le loro famiglie a vivere il faticoso percorso della malattia. L'A. aiuta a ripercorrere il cammino di queste coppie, facendo conoscere il loro travaglio psicologico, ma anche le risorse di coraggio e volontà che riescono a scoprire in sé lungo il cammino.
650 _a Dinamiche familiari / salute-cura
_e001
942 _cBK
957 _71
999 _a42183
_bsi
_g1
_c211024
_d211024